|
|
|
|
| LEADER |
00000nam0a2200000 4500 |
| 001 |
257187 |
| 005 |
20231101233159.0 |
| 010 |
|
|
|a 572450006X
|
| 035 |
|
|
|a (RuTPU)RU\TPU\book\279961
|
| 090 |
|
|
|a 257187
|
| 100 |
|
|
|a 20140415d1988 m y0rusy50 ca
|
| 101 |
0 |
|
|a rus
|
| 102 |
|
|
|a RU
|
| 105 |
|
|
|a a j 001zy
|
| 200 |
1 |
|
|a Лабораторный практикум по технологии резины
|e учебное пособие
|f под ред. Н. Д. Захарова
|
| 205 |
|
|
|a 2-е изд., перераб. и доп.
|
| 210 |
|
|
|a Москва
|c Химия
|d 1988
|
| 215 |
|
|
|a 255 с.
|c ил.
|
| 225 |
1 |
|
|a Для высшей школы
|
| 320 |
|
|
|a Библиогр.: с. 249-250.
|
| 320 |
|
|
|a Предметный указатель: с. 251-254.
|
| 606 |
1 |
|
|a Резина
|2 stltpush
|3 (RuTPU)RU\TPU\subj\24617
|9 48928
|
| 610 |
1 |
|
|a технология
|
| 610 |
1 |
|
|a структура
|
| 610 |
1 |
|
|a свойства
|
| 610 |
1 |
|
|a определение
|
| 610 |
1 |
|
|a резиновое производство
|
| 610 |
1 |
|
|a долговечность
|
| 610 |
1 |
|
|a усталостная выносливость
|
| 610 |
1 |
|
|a трение
|
| 610 |
1 |
|
|a износ
|
| 610 |
1 |
|
|a стойкость
|
| 610 |
1 |
|
|a вулканизация
|
| 610 |
1 |
|
|a лабораторные практикумы
|
| 610 |
1 |
|
|a учебные пособия
|
| 675 |
|
|
|a 678.4(076.5)
|v 3
|
| 702 |
|
1 |
|a Захаров
|b Н. Д.
|g Николай Дмитриевич
|4 340
|
| 801 |
|
1 |
|a RU
|b 63413507
|c 20140415
|
| 801 |
|
2 |
|a RU
|b 63413507
|c 20141222
|g RCR
|
| 942 |
|
|
|c BK
|